Directory 1961-1985 - Allumni
Enregistré dans:
| Auteur principal: | |
|---|---|
| Format: | Livre |
| Langue: | Undetermined |
| Publié: |
Bangkok, Thailand
AIT
1987
|
| Sujets: | |
| Tags: |
Ajouter un tag
Pas de tags, Soyez le premier à ajouter un tag!
|
| Thư viện lưu trữ: | Trung tâm Học liệu Trường Đại học Cần Thơ |
|---|
| LEADER | 00472nam a2200181Ia 4500 | ||
|---|---|---|---|
| 001 | CTU_26022 | ||
| 008 | 210402s9999 xx 000 0 und d | ||
| 082 | |a 378.593 | ||
| 082 | |b A832 | ||
| 100 | |a AIT | ||
| 245 | 0 | |a Directory 1961-1985 - Allumni | |
| 245 | 0 | |c AIT | |
| 260 | |a Bangkok, Thailand | ||
| 260 | |b AIT | ||
| 260 | |c 1987 | ||
| 650 | |a universities and colleges - thailand | ||
| 904 | |i Minh, 981005 | ||
| 980 | |a Trung tâm Học liệu Trường Đại học Cần Thơ | ||